Emerging Security Technologies and EU Governance (Record no. 34023)

MARC details
000 -LEADER
fixed length control field 00445nam a2200109Ia 4500
008 - FIXED-LENGTH DATA ELEMENTS--GENERAL INFORMATION
fixed length control field 220620s9999||||xx |||||||||||||| ||und||
245 #0 - TITLE STATEMENT
Title Emerging Security Technologies and EU Governance
Remainder of title Actors, Practices and Processes
546 ## - LANGUAGE NOTE
Language note English[eng]
650 ## - SUBJECT ADDED ENTRY--TOPICAL TERM
Topical term or geographic name entry element EU||cyber||drones||dual-use||governance||robotics||security||technologies||HBJD||JPSN||JPS||JPV||JW
700 ## - ADDED ENTRY--PERSONAL NAME
Personal name Calcara, Antonio||Csernatoni, Raluca||Lavallée, Chantal
942 ## - ADDED ENTRY ELEMENTS (KOHA)
Koha item type E-Books
Holdings
Withdrawn status Lost status Damaged status Not for loan Home library Current library Date acquired Total Checkouts Date last seen Price effective from Koha item type
        Kerala University of Digital Sciences, Innovation and Technology Knowledge Centre Kerala University of Digital Sciences, Innovation and Technology Knowledge Centre 20/06/2022   20/06/2022 20/06/2022 E-Books